Satellites of the solar system / (Record no. 134267)

MARC details
000 -LEADER
fixed length control field 00695nam a22002417a 4500
005 - DATE AND TIME OF LATEST TRANSACTION
control field 20170124110223.0
010 ## - LIBRARY OF CONGRESS CONTROL NUMBER
LC control number 404605
020 ## - INTERNATIONAL STANDARD BOOK NUMBER
Terms of availability 00.00
035 ## - SYSTEM CONTROL NUMBER
System control number 404605
037 ## - SOURCE OF ACQUISITION
Source of stock number/acquisition Cen Lib/Ret
040 ## - CATALOGING SOURCE
Original cataloging agency DPL
Language of cataloging EN
082 ## - DEWEY DECIMAL CLASSIFICATION NUMBER
Classification number 523.2
Item number SAN
100 ## - MAIN ENTRY--PERSONAL NAME
Personal name Sandner, Werner
9 (RLIN) 40252
245 ## - TITLE STATEMENT
Title Satellites of the solar system /
Statement of responsibility, etc by Werner Sandner ; translated by Alex Helm
260 ## - PUBLICATION, DISTRIBUTION, ETC. (IMPRINT)
Place of publication, distribution, etc London
Name of publisher, distributor, etc Faber and Faber
Date of publication, distribution, etc 1965
270 ## - ADDRESS
Address 24 Russell Square
City London
300 ## - PHYSICAL DESCRIPTION
Extent 151p. :
Dimensions 21cm(Hb)
Other physical details ill.
500 ## - GENERAL NOTE
General note Includes index
650 ## - SUBJECT ADDED ENTRY--TOPICAL TERM
Topical term or geographic name as entry element Satellites
9 (RLIN) 40253
650 ## - SUBJECT ADDED ENTRY--TOPICAL TERM
Topical term or geographic name as entry element Scientific satellites
9 (RLIN) 33335
700 ## - ADDED ENTRY--PERSONAL NAME
Personal name Helm, Alex
9 (RLIN) 40254
942 ## - ADDED ENTRY ELEMENTS (KOHA)
Source of classification or shelving scheme Dewey Decimal Classification
Koha item type English Books
Classification part 523.2
Call number suffix SAN
Holdings
Withdrawn status Lost status Damaged status Not for loan Collection code Home library Current library Date acquired Source of acquisition Cost, normal purchase price Total Checkouts Full call number Barcode Date last seen Copy number Cost, replacement price Price effective from Koha item type
      Not For Loan Reference Central Library Central Library 29/07/2015 Cen Lib/Ret 0.00   523.2 SAN 404605 29/07/2015 1 0.00 29/07/2015 English Books

© Delhi Public Library
Hit Counter
free hit counter